000 00367nam a2200097Ia 4500
008 220204s9999 xx 000 0 und d
082 _a633.73:001.814
_bREP
245 0 _aReport of the evaluation committee on the working of the coffee research department with recommendations for future lines of research work
260 _aMysore
_bCoffee Res Station
_c1961
942 _cBK
999 _c23548
_d23548